সুকান্ত-সমগ্র / (Record no. 10089)
[ view plain ]
| 000 -LEADER | |
|---|---|
| fixed length control field | 00688nam a22001937a 4500 |
| 001 - CONTROL NUMBER | |
| control field | BD-DhSAU 10089 |
| 003 - CONTROL NUMBER IDENTIFIER | |
| control field | BD-DhSAU |
| 005 - DATE AND TIME OF LATEST TRANSACTION | |
| control field | 20150626115941.0 |
| 008 - FIXED-LENGTH DATA ELEMENTS--GENERAL INFORMATION | |
| fixed length control field | 150624b1988 bg ||||r|||| 000 0 ben d |
| 040 ## - CATALOGING SOURCE | |
| Original cataloging agency | BD-DhSAU |
| 082 ## - DEWEY DECIMAL CLASSIFICATION NUMBER | |
| Edition number | 22 |
| Classification number | --- |
| Item number | সুকান্ত |
| 245 ## - TITLE STATEMENT | |
| Title | সুকান্ত-সমগ্র / |
| Statement of responsibility, etc. | সিকদার আবুল বাসার সম্পাদিত |
| 260 ## - PUBLICATION, DISTRIBUTION, ETC. (IMPRINT) | |
| Place of publication, distribution, etc. | ঢাকা : |
| Name of publisher, distributor, etc. | সমবায় প্রকাশনী, |
| Date of publication, distribution, etc. | ১৯৮৮. |
| 300 ## - PHYSICAL DESCRIPTION | |
| Extent | ২৯৮ পৃ. : |
| Dimensions | ২২ সেমি |
| 440 ## - SERIES STATEMENT/ADDED ENTRY--TITLE | |
| Number of part/section of a work | ১ম খন্ড |
| 590 ## - Name of Cataloguer | |
| Name of Cataloger | Jerin |
| 700 ## - ADDED ENTRY--PERSONAL NAME | |
| Personal name | বাসার, সিকদার আবুল |
| 942 ## - ADDED ENTRY ELEMENTS (KOHA) | |
| Source of classification or shelving scheme | Dewey Decimal Classification |
| Koha item type | Book |
| Withdrawn status | Lost status | Source of classification or shelving scheme | Damaged status | Not for loan | Collection code | Home library | Branch Name | Shelving location | Date acquired | Total Checkouts | Full call number | Barcode | Date last seen | Price effective from | Koha item type |
|---|---|---|---|---|---|---|---|---|---|---|---|---|---|---|---|
| Dewey Decimal Classification | Not For Loan | Fiction | SAU Library | SAU Library | Reference | 29/06/1988 | --- সুকান্ত | 12265 | 26/06/2015 | 26/06/2015 | Book |
